000 00753nam a2200217Ia 4500
003 GCL
008 140319s9999 xx 000 0 ara d
040 _aGCL /
_cGCL
082 0 4 _a953.02
_bع ف
100 1 _aعبدالرؤوف
245 1 0 _aالفن الحربى فى صدر الاسلام /
_cعبدالرؤوف
700 1 _aعبدالرؤوف عون
300 _a352 ص
490 _aمكتبة الدراسات التاريخية والعلاقات الدولية
_v0
650 0 4 _aالفتوحات الاسلامية
650 0 4 _aالتاريخ الاسلامى
650 0 4 _aالاسلام - تاريخ
650 0 4 _aالغزوات الاسلامية
650 0 4 _aالمعارك الحربية الاسلامية
942 _2ddc
_cBK
999 _c49787
_d49787